| 000 | 00706nam a2200169 a 4500 | ||
|---|---|---|---|
| 001 | 000042204 | ||
| 005 | 20201002040014.0 | ||
| 008 | 131119s1997 sp af 000 0 spa d | ||
| 020 | _a8400077016 | ||
| 040 |
_aDO-SdBNP _bspa _cBNPHU |
||
| 100 | 1 |
_aCorrea, Manuel _d1600-1653 _969223 |
|
| 245 | 1 | 3 |
_aLa Música en las Catedrales en el Siglo XVII : _bLos Villancicos y Romances de Fray Manuel Correa / _cManuel Correa ; estudios y edición José Vicente González Valle. |
| 260 |
_aBarcelona : _bConsejo Superior de Investigaciones Científicas, _c1997. |
||
| 300 |
_a117 p. ; _c31 cm. |
||
| 700 | 1 |
_aGonzález Valle, José Vicente _eed. _967437 |
|
| 710 | 2 |
_aConsejo Superior de Investigaciones Científicas, _94786 |
|
| 999 |
_c41693 _d41693 |
||